| 000 | 01095cas a2200361 i 4500 | ||
|---|---|---|---|
| 001 | 200448297 | ||
| 003 | TR-AnTOB | ||
| 005 | 20240916111944.0 | ||
| 007 | ta | ||
| 008 | 980303u19uuuuuutu ar 0 0tur | ||
| 010 | _a98648048 | ||
| 035 | _a(OCoLC)ocm38537402 | ||
| 040 |
_aDLC _beng _erda _cDLC _dOCoLC _dDLC _dOCoLC _dTR-AnTOB |
||
| 041 | 0 | _atur | |
| 050 | 0 | 0 |
_aHC493.I24 _bM47 |
| 090 | _aTOBBK HC493.I24 M47 | ||
| 110 | 2 |
_aMersin Ticaret ve Sanayi Odası _967382 |
|
| 245 | 1 | 0 |
_aEkonomik rapor / _cMersin Ticaret ve Sanayi Odası. |
| 264 | 1 |
_aMersin, Turkey : _bMersin Ticaret ve Sanayi Odası, _c2002-2003. |
|
| 300 |
_avolumes ; _c24 cm |
||
| 310 | _aAnnual | ||
| 336 |
_atext _btxt _2rdacontent |
||
| 337 |
_aunmediated _bn _2rdamedia |
||
| 338 |
_avolume _bnc _2rdacarrier |
||
| 588 | _aDescription based on: 1989. | ||
| 588 | _aLatest issue consulted: 1990. | ||
| 590 | _aSERBIB/SERLOC merged record | ||
| 651 | 0 |
_aMersin İli (Türkiye) _xEkonomik durum _992561 |
|
| 942 |
_2z _cBK |
||
| 999 |
_c200448297 _d66509 |
||